[Event "Atlantic GM"]
[Site "Dulles USA"]
[Date "2024.06.29"]
[Round "1.3"]
[White "Melillo, Lucius"]
[Black "Vettese, Nicholas"]
[Result "0-1"]
[WhiteElo "2281"]
[BlackElo "2296"]
[PlyCount "70"]
[GameId "2130307542415828"]
[EventDate "2024.06.29"]
[EventType "tourn"]
[EventRounds "9"]
[EventCountry "USA"]
[EventCategory "5"]
[SourceTitle "10 Days #764"]
[Source "ChessMix "]
[SourceDate "2024.07.10"]
[SourceVersion "1"]
[SourceVersionDate "2024.07.10"]
[SourceQuality "1"]

1. d4 d5 2. c4 c6 3. cxd5 cxd5 4. Nc3 Nf6 5. Bf4 Nc6 6. e3 a6 7. Be2 Ne4 8. Nxe4 dxe4 9. a3 g5 10. Bg3 Bg7 11. h4 e5 12. d5 Ne7 13. hxg5 Qa5+ 14. b4 Qxd5 15. Qxd5 Nxd5 16. Rh4 Bf5 17. Bg4 Bg6 18. O-O-O Nc3 19. Rd7 a5 20. Rxb7 axb4 21. axb4 O-O 22. Kb2 Nd5 23. Bd7 Nf4 24. Rh2 Nd3+ 25. Kc3 Ra2 26. Rc7 Ra1 27. Ne2 Ra2 28. Bg4 Rfa8 29. Rb7 R8a3+ 30. Kc4 Rc2+ 31. Kd5 Nxb4+ 32. Rxb4 Ra5+ 33. Kd6 Bf8+ 34. Kd7 Rd5+ 35. Ke8 f5# 0-1

[Event "Atlantic GM"]
[Site "Dulles USA"]
[Date "2024.06.30"]
[Round "2.3"]
[White "Vettese, Nicholas"]
[Black "Erenburg, Sergey"]
[Result "1-0"]
[WhiteElo "2296"]
[BlackElo "2526"]
[PlyCount "92"]
[GameId "2130307542415833"]
[EventDate "2024.06.29"]
[EventType "tourn"]
[EventRounds "9"]
[EventCountry "USA"]
[EventCategory "5"]
[SourceTitle "10 Days #764"]
[Source "ChessMix "]
[SourceDate "2024.07.10"]
[SourceVersion "1"]
[SourceVersionDate "2024.07.10"]
[SourceQuality "1"]

1. e4 c6 2. d4 d5 3. e5 Bf5 4. h4 h5 5. c4 e6 6. Nc3 dxc4 7. Bxc4 Be7 8. Be2 Nh6 9. Bxh5 Na6 10. g4 Bh7 11. Bxh6 gxh6 12. Qf3 Rf8 13. Nge2 Nb4 14. Kf1 Qb6 15. Qf4 O-O-O 16. Qxh6 Bd3 17. Bxf7 Qxd4 18. Qxe6+ Rd7 19. Kg1 Bxe2 20. Nxe2 Qxb2 21. Rd1 Nd5 22. Nf4 Bc5 23. Rh2 Rfxf7 24. Qe8+ Kc7 25. Ne6+ Kb6 26. Nxc5 Kxc5 27. e6 Qc2 28. Rf1 Qg6 29. exf7 Rxf7 30. f3 Qf6 31. Rc2+ Kb6 32. Rb1+ Kc7 33. Qe1 Nf4 34. Rc4 Nd3 35. Qg3+ Kc8 36. Re4 Rf8 37. g5 Qc3 38. g6 Qc5+ 39. Kf1 Qc2 40. Ra1 Qc3 41. Rd1 Qc2 42. Rxd3 Qxd3+ 43. Kg2 Qd2+ 44. Kh3 Qd1 45. g7 Rg8 46. Qg4+ Kb8 1-0

[Event "Atlantic GM"]
[Site "Dulles USA"]
[Date "2024.06.30"]
[Round "3.4"]
[White "Han, Johnathan"]
[Black "Vettese, Nicholas"]
[Result "0-1"]
[WhiteElo "2333"]
[BlackElo "2296"]
[PlyCount "64"]
[GameId "2130307542415839"]
[EventDate "2024.06.29"]
[EventType "tourn"]
[EventRounds "9"]
[EventCountry "USA"]
[EventCategory "5"]
[SourceTitle "10 Days #764"]
[Source "ChessMix "]
[SourceDate "2024.07.10"]
[SourceVersion "1"]
[SourceVersionDate "2024.07.10"]
[SourceQuality "1"]

1. e4 e6 2. d4 d5 3. Nc3 Nf6 4. e5 Nfd7 5. f4 c5 6. Nf3 Nc6 7. Be3 a6 8. Ne2 b6 9. c3 a5 10. f5 cxd4 11. cxd4 exf5 12. Nf4 Bb4+ 13. Kf2 g5 14. Nxd5 f4 15. Bc1 g4 16. Bxf4 gxf3 17. Rc1 Bb7 18. Bb5 fxg2 19. Rg1 Qh4+ 20. Bg3 Qe4 21. Nc7+ Kd8 22. a3 Qf5+ 23. Ke2 Ncxe5 24. axb4 Bf3+ 25. Ke1 Bxd1 26. dxe5 Nxe5 27. Rxg2 Qe4+ 28. Kf1 Qf3+ 29. Ke1 Qxg2 30. Bh4+ Kc8 31. Nxa8+ Bc2 32. Nxb6+ Kb7 0-1

[Event "Atlantic GM"]
[Site "Dulles USA"]
[Date "2024.07.01"]
[Round "4.2"]
[White "Vettese, Nicholas"]
[Black "Plat, Vojtech"]
[Result "0-1"]
[WhiteElo "2296"]
[BlackElo "2465"]
[PlyCount "76"]
[GameId "2130307542415842"]
[EventDate "2024.06.29"]
[EventType "tourn"]
[EventRounds "9"]
[EventCountry "USA"]
[EventCategory "5"]
[SourceTitle "10 Days #764"]
[Source "ChessMix "]
[SourceDate "2024.07.10"]
[SourceVersion "1"]
[SourceVersionDate "2024.07.10"]
[SourceQuality "1"]

1. e4 c5 2. Nf3 Nc6 3. d4 cxd4 4. Nxd4 e6 5. Nc3 a6 6. g3 h5 7. f4 Qc7 8. Bg2 b5 9. Be3 Bb7 10. Nb3 Nf6 11. Qe2 Bb4 12. O-O Na5 13. Bd4 Nxb3 14. axb3 Bc5 15. Bxc5 Qxc5+ 16. Qf2 Qxf2+ 17. Rxf2 b4 18. e5 Bxg2 19. exf6 Bc6 20. fxg7 Rg8 21. Ne2 Rxg7 22. f5 h4 23. f6 Rg6 24. Rf4 hxg3 25. Nxg3 Kd8 26. Ra5 Kc7 27. Rh5 a5 28. Rh7 Bd5 29. Kf2 e5 30. Rf5 d6 31. Ke3 Kd7 32. Nh5 Rg2 33. Rf2 Rxf2 34. Kxf2 Rc8 35. h4 Rxc2+ 36. Kg3 Rxb2 37. Ng7 Rxb3+ 38. Kg4 a4 0-1

[Event "Atlantic GM"]
[Site "Dulles USA"]
[Date "2024.07.01"]
[Round "5.5"]
[White "Gauri, Shankar"]
[Black "Vettese, Nicholas"]
[Result "1-0"]
[WhiteElo "2335"]
[BlackElo "2296"]
[PlyCount "93"]
[GameId "2130307542415850"]
[EventDate "2024.06.29"]
[EventType "tourn"]
[EventRounds "9"]
[EventCountry "USA"]
[EventCategory "5"]
[SourceTitle "10 Days #764"]
[Source "ChessMix "]
[SourceDate "2024.07.10"]
[SourceVersion "1"]
[SourceVersionDate "2024.07.10"]
[SourceQuality "1"]

1. Nf3 c5 2. e3 Nf6 3. d4 b6 4. c4 g6 5. Nc3 Bg7 6. d5 e6 7. e4 O-O 8. Be2 exd5 9. exd5 Re8 10. O-O d6 11. h3 Bf5 12. Nh4 Bd7 13. Nf3 Na6 14. Bd3 Nc7 15. Bf4 Qe7 16. Qd2 Qf8 17. Rae1 b5 18. b3 b4 19. Nb1 Nh5 20. Bh2 Bh6 21. Rxe8 Nxe8 22. Qd1 Nf4 23. Bc2 Nf6 24. Re1 N6h5 25. Nbd2 Qc8 26. Ne4 Bxh3 27. Bxf4 Bxf4 28. gxh3 Qxh3 29. Ned2 g5 30. Qe2 Qg4+ 31. Kh1 Nf6 32. Ne4 Qh3+ 33. Kg1 Ng4 34. Ng3 Nxf2 35. Nf5 h5 36. Qxf2 g4 37. N3h4 g3 38. Qg2 Qg4 39. Bd1 Qg5 40. Qf3 a5 41. Qxh5 Qxh5 42. Bxh5 a4 43. Re4 axb3 44. axb3 Ra1+ 45. Kg2 Ra2+ 46. Re2 Ra3 47. Re8+ 1-0

[Event "Atlantic GM"]
[Site "Dulles USA"]
[Date "2024.07.02"]
[Round "6.1"]
[White "Nagy, Gabor"]
[Black "Vettese, Nicholas"]
[Result "1-0"]
[WhiteElo "2440"]
[BlackElo "2296"]
[PlyCount "77"]
[GameId "2130307542415851"]
[EventDate "2024.06.29"]
[EventType "tourn"]
[EventRounds "9"]
[EventCountry "USA"]
[EventCategory "5"]
[SourceTitle "10 Days #764"]
[Source "ChessMix "]
[SourceDate "2024.07.10"]
[SourceVersion "1"]
[SourceVersionDate "2024.07.10"]
[SourceQuality "1"]

1. Nf3 d5 2. e3 Nf6 3. c4 g6 4. cxd5 Nxd5 5. d4 Bg7 6. Be2 c5 7. dxc5 Nb4 8. Qxd8+ Kxd8 9. Na3 Nd7 10. O-O Nxc5 11. Rd1+ Bd7 12. Nc4 Ke8 13. Bd2 Nbd3 14. b4 Nxf2 15. bxc5 Nxd1 16. Rxd1 Bc6 17. Nce5 Bd5 18. Bb4 Bxa2 19. Rd7 a5 20. Ba3 Bf6 21. Rxb7 Kf8 22. c6 Kg7 23. e4 Rhc8 24. Bb5 Be6 25. c7 g5 26. Nd7 Bc3 27. Nb6 g4 28. Nxc8 Rxc8 29. Ng5 Kf6 30. Nxe6 Kxe6 31. Rb6+ Ke5 32. Rc6 Bd4+ 33. Kf1 Bb6 34. Rxb6 Rxc7 35. Bc6 Kd4 36. Kf2 h5 37. Kg3 e6 38. Bd6 Ra7 39. e5 1-0

[Event "Atlantic GM"]
[Site "Dulles USA"]
[Date "2024.07.03"]
[Round "7.5"]
[White "Vettese, Nicholas"]
[Black "Barbosa, Oliver"]
[Result "1-0"]
[WhiteElo "2296"]
[BlackElo "2482"]
[PlyCount "83"]
[GameId "2130307542419956"]
[EventDate "2024.06.29"]
[EventType "tourn"]
[EventRounds "9"]
[EventCountry "USA"]
[EventCategory "5"]
[SourceTitle "10 Days #764"]
[Source "ChessMix "]
[SourceDate "2024.07.10"]
[SourceVersion "1"]
[SourceVersionDate "2024.07.10"]
[SourceQuality "1"]

1. e4 d5 2. exd5 Qxd5 3. Nc3 Qd6 4. g3 Nf6 5. Bg2 Bg4 6. Nf3 Nc6 7. h3 Bh5 8. O-O O-O-O 9. d3 e5 10. Re1 Nd7 11. Nb5 Qe7 12. g4 Bg6 13. d4 h5 14. d5 Nb4 15. c3 Nc2 16. Nfd4 Qc5 17. b4 Qb6 18. Nxa7+ Qxa7 19. Nxc2 hxg4 20. hxg4 Nf6 21. Ne3 Ne4 22. a4 Be7 23. Qc2 Nd6 24. Qe2 Rh4 25. a5 Be4 26. Nf5 Bxg2 27. Nxe7+ Kd7 28. Bg5 Be4 29. Bxh4 Rh8 30. Nf5 Nxf5 31. Qxe4 Nxh4 32. Re3 Qa6 33. d6 cxd6 34. b5 Qxb5 35. Rb1 Qc5 36. Rxb7+ Ke6 37. Rh3 g6 38. g5 Qa3 39. Qg4+ f5 40. Qc4+ d5 41. Qa6+ Qd6 42. Rb6 1-0

[Event "Atlantic GM"]
[Site "Dulles USA"]
[Date "2024.07.03"]
[Round "8.2"]
[White "Degenbaev, Aziz"]
[Black "Vettese, Nicholas"]
[Result "0-1"]
[WhiteElo "2252"]
[BlackElo "2296"]
[PlyCount "176"]
[GameId "2130307542419958"]
[EventDate "2024.06.29"]
[EventType "tourn"]
[EventRounds "9"]
[EventCountry "USA"]
[EventCategory "5"]
[SourceTitle "10 Days #764"]
[Source "ChessMix "]
[SourceDate "2024.07.10"]
[SourceVersion "1"]
[SourceVersionDate "2024.07.10"]
[SourceQuality "1"]

1. e4 c5 2. Nf3 e6 3. d4 cxd4 4. Nxd4 Nc6 5. Nc3 Qc7 6. a3 a6 7. Be3 Nf6 8. f4 Nxd4 9. Bxd4 Qxf4 10. g3 Qh6 11. e5 Nh5 12. Bg2 f5 13. O-O Be7 14. Qf3 O-O 15. Rad1 g5 16. Na4 g4 17. Qe2 Qg7 18. Qd2 Bg5 19. Be3 Bd8 20. Bh6 Qxe5 21. Bxf8 Kxf8 22. Rde1 Qf6 23. c4 a5 24. c5 Ra6 25. Rc1 Ke8 26. Nb6 Rxb6 27. cxb6 Bxb6+ 28. Kh1 Kd8 29. Qd6 Bd4 30. Rc4 Be3 31. Qb8 Qh6 32. Rxc8+ Ke7 33. Rd1 Nxg3+ 34. Qxg3 Bf4 35. Rc7 Bxg3 36. Rdxd7+ Kf6 37. Rxh7 Qe3 38. hxg3 Qxg3 39. Rc1 f4 40. Bxb7 Qe3 41. Rf1 e5 42. Rh2 f3 43. b4 axb4 44. axb4 e4 45. Rhf2 Kg5 46. b5 Kf4 47. Bc6 Qc5 48. Rb2 g3 49. Rd2 Ke3 50. Rb2 Kf4 51. Re2 Qh5+ 52. Kg1 Kg5 53. Rc2 Qh8 54. Rxf3 exf3 55. Bxf3 Kf4 56. Bc6 Qh7 57. Rb2 Qg7 58. Rb4+ Kf5 59. Kg2 Qh6 60. Kf3 Qh1+ 61. Ke2 g2 62. Bxg2 Qxg2+ 63. Kd3 Ke5 64. b6 Qb7 65. Kc4 Kd6 66. Kb3 Kc5 67. Rc4+ Kd5 68. Rb4 Kd6 69. Rd4+ Ke7 70. Rb4 Kd7 71. Kb2 Kc6 72. Rb3 Qg7+ 73. Kb1 Qg1+ 74. Ka2 Kb7 75. Rb2 Qc1 76. Rb4 Qc2+ 77. Rb2 Qc4+ 78. Ka1 Qc8 79. Ka2 Qb8 80. Ka1 Ka6 81. b7 Ka5 82. Kb1 Ka4 83. Rb6 Ka3 84. Rb5 Qd6 85. Ra5+ Kb4 86. Rd5 Qb6 87. Rd7 Kc3+ 88. Kc1 Qg1+ 0-1

[Event "Atlantic GM"]
[Site "Dulles USA"]
[Date "2024.07.04"]
[Round "9.4"]
[White "Vettese, Nicholas"]
[Black "Sinha, Sahil"]
[Result "0-1"]
[WhiteElo "2296"]
[BlackElo "2321"]
[PlyCount "102"]
[GameId "2130307542419965"]
[EventDate "2024.06.29"]
[EventType "tourn"]
[EventRounds "9"]
[EventCountry "USA"]
[EventCategory "5"]
[SourceTitle "10 Days #764"]
[Source "ChessMix "]
[SourceDate "2024.07.10"]
[SourceVersion "1"]
[SourceVersionDate "2024.07.10"]
[SourceQuality "1"]

1. e4 c5 2. Nf3 d6 3. d4 cxd4 4. Nxd4 Nf6 5. Nc3 Nc6 6. Bg5 e6 7. Qd2 a6 8. O-O-O Bd7 9. f3 Nxd4 10. Qxd4 Be7 11. Kb1 O-O 12. Be3 Bc6 13. g4 b5 14. g5 Nd7 15. h4 b4 16. Ne2 d5 17. Qd2 dxe4 18. Nd4 Bd5 19. fxe4 Bxe4 20. Bg2 Nc5 21. Qe2 Qd5 22. Nb3 Qc6 23. Bxc5 Bxg2 24. Bxe7 Bxh1 25. Bxf8 Rxf8 26. Nd4 Qb7 27. h5 Be4 28. h6 Qd5 29. Nb3 Bf3 30. Rxd5 Bxe2 31. Rd7 gxh6 32. gxh6 f5 33. Nd4 Bh5 34. Kc1 Rf6 35. Rg7+ Kh8 36. Re7 f4 37. Kd2 f3 38. Ke1 f2+ 39. Kf1 Rf4 40. c3 bxc3 41. bxc3 Bg6 42. Rxe6 Bd3+ 43. Ne2 Kg8 44. a3 Kf7 45. Re5 Kg6 46. Re6+ Kg5 47. Re3 Bc4 48. Rg3+ Kxh6 49. Rh3+ Kg5 50. Rh1 h5 51. a4 a5 0-1

[Event "North America-ch U20"]
[Site "Dulles USA"]
[Date "2023.12.20"]
[Round "3.6"]
[White "Joseph, Jonath"]
[Black "Vettese, Nicholas"]
[Result "1-0"]
[WhiteElo "1975"]
[BlackElo "2229"]
[PlyCount "85"]
[GameId "2130307549883555"]
[EventDate "2023.12.19"]
[EventType "swiss"]
[EventRounds "9"]
[EventCountry "USA"]
[SourceTitle "10 Days #745"]
[Source "ChessMix"]
[SourceDate "2024.01.01"]
[SourceVersion "1"]
[SourceVersionDate "2024.01.01"]
[SourceQuality "1"]

1. e4 c5 2. Nf3 e6 3. c3 Nf6 4. e5 Nd5 5. d4 cxd4 6. cxd4 d6 7. Bc4 Nb6 8. Bd3 dxe5 9. dxe5 Bd7 10. Nc3 Bc6 11. Qe2 N8d7 12. Bf4 Be7 13. O-O g5 14. Bg3 h5 15. h3 g4 16. hxg4 hxg4 17. Nh2 Bh4 18. Nxg4 Bxg3 19. fxg3 Qg5 20. Be4 Nd5 21. Bxd5 exd5 22. Rad1 O-O-O 23. Rxf7 d4 24. Ne4 Qh5 25. Rf5 d3 26. Rxd3 Qh1+ 27. Kf2 Kb8 28. Rd1 Qh7 29. Rf4 Qe7 30. Nd6 Nc5 31. Nf7 Ne4+ 32. Rxe4 Qxf7+ 33. Rf4 Qxa2 34. Rxd8+ Rxd8 35. e6 Re8 36. e7 Qb3 37. Rf8 Qb6+ 38. Kf1 a6 39. Nf6 Ka7 40. Rxe8 Bb5 41. Ra8+ Kxa8 42. e8=Q+ Ka7 43. Q8xb5 1-0

[Event "North America-ch U20"]
[Site "Dulles USA"]
[Date "2023.12.20"]
[Round "4.11"]
[White "Vettese, Nicholas"]
[Black "Zhong, Ryan Yunhui"]
[Result "1-0"]
[WhiteElo "2229"]
[BlackElo "1822"]
[PlyCount "55"]
[GameId "2130307549883580"]
[EventDate "2023.12.19"]
[EventType "swiss"]
[EventRounds "9"]
[EventCountry "USA"]
[SourceTitle "10 Days #745"]
[Source "ChessMix"]
[SourceDate "2024.01.01"]
[SourceVersion "1"]
[SourceVersionDate "2024.01.01"]
[SourceQuality "1"]

1. e4 e6 2. d4 d5 3. Nd2 c5 4. exd5 Qxd5 5. Ngf3 cxd4 6. Bc4 Qd6 7. O-O Nf6 8. Nb3 Nc6 9. Nbxd4 Nxd4 10. Nxd4 Be7 11. b3 O-O 12. Bb2 Bd7 13. Qf3 Qb6 14. Rfe1 Bc5 15. Rad1 Rfe8 16. Qg3 Bd6 17. Qh4 Rad8 18. Nf3 Be7 19. Bd3 h6 20. Ne5 Bc6 21. Re3 Bc5 22. Nc4 Qc7 23. Rg3 Kf8 24. Rxg7 Ne4 25. Qxh6 Bxf2+ 26. Kh1 Rd5 27. Rxf7+ Kxf7 28. Qg7# 1-0

[Event "North America-ch U20"]
[Site "Dulles USA"]
[Date "2023.12.21"]
[Round "5.10"]
[White "Slate, Kent"]
[Black "Vettese, Nicholas"]
[Result "1-0"]
[WhiteElo "1939"]
[BlackElo "2229"]
[PlyCount "101"]
[GameId "2130307549883599"]
[EventDate "2023.12.19"]
[EventType "swiss"]
[EventRounds "9"]
[EventCountry "USA"]
[SourceTitle "10 Days #745"]
[Source "ChessMix"]
[SourceDate "2024.01.01"]
[SourceVersion "1"]
[SourceVersionDate "2024.01.01"]
[SourceQuality "1"]

1. e4 c5 2. Nf3 e6 3. c3 b6 4. d4 Bb7 5. Bd3 Nf6 6. Qe2 cxd4 7. cxd4 Nc6 8. a3 Be7 9. Nc3 Na5 10. Bf4 Rc8 11. O-O d6 12. Rad1 O-O 13. Nb1 b5 14. Nbd2 Nc4 15. Nxc4 bxc4 16. Bb1 d5 17. e5 Ne4 18. Ne1 f5 19. exf6 Bxf6 20. f3 Ng5 21. h4 Nf7 22. Qxe6 Bxh4 23. g3 Bf6 24. Qh3 g6 25. Kg2 Qe7 26. Rd2 c3 27. bxc3 Rxc3 28. Rh1 Ng5 29. Qh6 Ne6 30. Bd6 Qf7 31. Bxf8 Bg5 32. Bxg6 Qxg6 33. Qxg6+ hxg6 34. Rb2 Ba6 35. Bd6 Bf6 36. Rb8+ Kg7 37. f4 Nxd4 38. Rbh8 Kf7 39. Rf8+ Ke6 40. Rxf6+ Kxf6 41. Be5+ Kf5 42. Bxd4 Rxa3 43. Bxa7 d4 44. Rh7 Ra2+ 45. Kg1 d3 46. Be3 Re2 47. Ng2 Kg4 48. Bf2 d2 49. Rd7 Kf3 50. Nh4+ Ke4 51. Rd4# 1-0

[Event "North America-ch U20"]
[Site "Dulles USA"]
[Date "2023.12.21"]
[Round "6.13"]
[White "Vettese, Nicholas"]
[Black "Jammalamadaka, Vihaan"]
[Result "1-0"]
[WhiteElo "2229"]
[BlackElo "1828"]
[PlyCount "67"]
[GameId "2130307549883622"]
[EventDate "2023.12.19"]
[EventType "swiss"]
[EventRounds "9"]
[EventCountry "USA"]
[SourceTitle "10 Days #745"]
[Source "ChessMix"]
[SourceDate "2024.01.01"]
[SourceVersion "1"]
[SourceVersionDate "2024.01.01"]
[SourceQuality "1"]

1. e4 c5 2. Nf3 e6 3. d4 cxd4 4. Nxd4 Nf6 5. Nc3 Nc6 6. Ndb5 Bb4 7. a3 Bxc3+ 8. Nxc3 d5 9. exd5 exd5 10. Bd3 O-O 11. O-O Bg4 12. Qd2 d4 13. Ne2 Re8 14. f3 Bh5 15. b4 Qb6 16. Bb2 Rad8 17. Rfe1 Bg6 18. Kh1 Bxd3 19. cxd3 h6 20. Ng3 Qb5 21. Rxe8+ Rxe8 22. Ne4 Nxe4 23. dxe4 f5 24. Bxd4 Qc4 25. Bg1 fxe4 26. Re1 Rd8 27. Qf4 Rd3 28. Rxe4 Qf7 29. Qg4 Rxa3 30. Qc8+ Kh7 31. b5 Na5 32. Re8 Qd5 33. f4 Ra1 34. Qc2+ 1-0

[Event "North America-ch U20"]
[Site "Dulles USA"]
[Date "2023.12.22"]
[Round "7.8"]
[White "Zhuang, Kyle"]
[Black "Vettese, Nicholas"]
[Result "0-1"]
[WhiteElo "1851"]
[BlackElo "2229"]
[PlyCount "58"]
[GameId "2130307549883637"]
[EventDate "2023.12.19"]
[EventType "swiss"]
[EventRounds "9"]
[EventCountry "USA"]
[SourceTitle "10 Days #745"]
[Source "ChessMix"]
[SourceDate "2024.01.01"]
[SourceVersion "1"]
[SourceVersionDate "2024.01.01"]
[SourceQuality "1"]

1. e4 e6 2. d4 d5 3. Nd2 c5 4. exd5 Qxd5 5. Ngf3 cxd4 6. Bc4 Qd7 7. O-O Nc6 8. Nb3 Nf6 9. Nbxd4 Nxd4 10. Nxd4 a6 11. a4 Bc5 12. c3 O-O 13. Re1 Rd8 14. Bg5 Bxd4 15. cxd4 Qxd4 16. Qe2 Bd7 17. Rad1 Qc5 18. Bxf6 gxf6 19. Rd3 Kf8 20. Rh3 Rac8 21. Bd3 Bc6 22. Rg3 Ke7 23. Bxh7 Rd5 24. Re3 f5 25. Qh5 Qd4 26. Rf3 Qg7 27. Bxf5 Re5 28. Rxe5 Bxf3 29. Qh4+ Ke8 0-1

[Event "North America-ch U20"]
[Site "Dulles USA"]
[Date "2023.12.22"]
[Round "8.5"]
[White "Vettese, Nicholas"]
[Black "Vijayakumar, Advaith"]
[Result "1-0"]
[WhiteElo "2229"]
[BlackElo "2137"]
[PlyCount "61"]
[GameId "2130307549887750"]
[EventDate "2023.12.19"]
[EventType "swiss"]
[EventRounds "9"]
[EventCountry "USA"]
[SourceTitle "10 Days #745"]
[Source "ChessMix"]
[SourceDate "2024.01.01"]
[SourceVersion "1"]
[SourceVersionDate "2024.01.01"]
[SourceQuality "1"]

1. e4 c5 2. Nf3 e6 3. d4 cxd4 4. Nxd4 Nf6 5. Nc3 Nc6 6. g3 Qb6 7. Nb3 Be7 8. Bg2 O-O 9. O-O d6 10. Be3 Qc7 11. Nb5 Qb8 12. c4 a6 13. Nc3 Ne5 14. Qe2 Qc7 15. c5 dxc5 16. f4 Neg4 17. e5 Nxe3 18. exf6 Nxf1 19. fxe7 Qxe7 20. Rxf1 Ra7 21. f5 b5 22. f6 gxf6 23. Na5 c4 24. Ne4 Rc7 25. Nxf6+ Kh8 26. Qe4 Qc5+ 27. Kh1 Qf5 28. Rxf5 exf5 29. Qh4 Kg7 30. Qg5+ Kh8 31. Qh6 1-0

[Event "North America-ch U20"]
[Site "Dulles USA"]
[Date "2023.12.23"]
[Round "9.3"]
[White "Mendes, Aaron Reeve"]
[Black "Vettese, Nicholas"]
[Result "0-1"]
[WhiteElo "2328"]
[BlackElo "2229"]
[PlyCount "108"]
[GameId "2130307549887768"]
[EventDate "2023.12.19"]
[EventType "swiss"]
[EventRounds "9"]
[EventCountry "USA"]
[SourceTitle "10 Days #745"]
[Source "ChessMix"]
[SourceDate "2024.01.01"]
[SourceVersion "1"]
[SourceVersionDate "2024.01.01"]
[SourceQuality "1"]

1. e4 c5 2. Nf3 e6 3. d4 cxd4 4. Nxd4 Nc6 5. Nc3 Qc7 6. Be3 a6 7. a3 Na5 8. Qg4 d6 9. Qg3 Nf6 10. Bd3 Nc4 11. Bxc4 Qxc4 12. f3 Be7 13. O-O-O b5 14. Nb3 Qc7 15. Bd4 e5 16. Qxg7 Rf8 17. Be3 Be6 18. Qh6 Rg8 19. g4 Rg6 20. Qh3 Rc8 21. Qg2 a5 22. Nxb5 Qb7 23. Nc3 a4 24. Na1 Rxc3 25. bxc3 d5 26. exd5 Bxd5 27. Rdf1 Bc4 28. Qf2 Nd5 29. h4 Nxc3 30. Kd2 Bxf1 31. Rxf1 Nb1+ 32. Ke2 Qb5+ 33. Ke1 Qa5+ 34. Bd2 Qd5 35. Bb4 Bxb4+ 36. axb4 Rd6 37. Qe3 Nd2 38. Rh1 Nxf3+ 39. Kf2 Rf6 40. Rc1 Nxh4+ 41. Ke2 Qg2+ 42. Kd3 Rf3 43. Re1 Rxe3+ 44. Rxe3 Qf1+ 45. Ke4 Qxa1 46. c3 a3 47. Kxe5 a2 48. Kf6+ Kf8 49. Rd3 Qf1+ 50. Kg5 Qxd3 51. Kxh4 a1=Q 52. c4 Qf6+ 53. g5 Qf4+ 54. Kh5 Qg6# 0-1

[Event "Charlotte Super Swiss"]
[Site "Charlotte USA"]
[Date "2023.07.09"]
[Round "1"]
[White "Vettese, Nicholas"]
[Black "Zhou, Jianchao"]
[Result "0-1"]
[WhiteElo "2272"]
[BlackElo "2540"]
[PlyCount "64"]
[GameId "2129404707628122"]
[EventDate "2023.07.09"]
[EventType "swiss"]
[EventRounds "9"]
[EventCountry "USA"]
[SourceTitle "10 Days #729"]
[Source "ChessMix"]
[SourceDate "2023.07.20"]
[SourceVersion "1"]
[SourceVersionDate "2023.07.20"]
[SourceQuality "1"]

{[%evp 0,48,24,30,52,55,71,64,78,32,32,41,46,40,68,25,19,17,45,36,41,24,29,17,30,1,10,7,38,-70,72,9,17,-33,110,-104,-117,-351,-341,-348,-335,-338,-344,-342,-355,-375,-350,-434,-404,-450,-419]} 1. e4 c5 2. Nf3 d6 3. d4 cxd4 4. Nxd4 Nf6 5. Nc3 a6 6. Bg5 Nbd7 7. Qe2 h6 8. Bh4 g6 9. O-O-O e5 10. Nb3 Be7 11. g4 b5 12. a3 Bb7 13. Bg2 Rc8 14. f4 Rxc3 15. bxc3 Qc7 16. Kb1 Nb6 17. f5 Na4 18. Be1 Qxc3 19. Bxc3 Nxc3+ 20. Kb2 Nxe2 21. Bf3 Nf4 22. Nd2 g5 23. a4 bxa4 24. Nc4 Bxe4 25. Bxe4 Nxe4 26. Rhe1 d5 27. Nb6 O-O 28. Nxd5 Rb8+ 29. Ka1 Nxd5 30. Rxd5 Nc3 31. Rdxe5 a3 32. R5e3 Kg7 0-1